|
|
|
|
| LEADER |
01359nam a22003137a 4500 |
| 001 |
39339 |
| 003 |
BD-DhAAL |
| 008 |
220811t2015 nyu b 000 0 eng d |
| 999 |
|
|
|c 44752
|d 44752
|
| 020 |
|
|
|a 9789048197064
|
| 020 |
|
|
|a 9789048197071 (eBook)
|
| 020 |
|
|
|a 9789048197088
|
| 040 |
|
|
|a BD-DhAAL
|c BD-DhAAL
|
| 082 |
|
|
|a 621.38195
|2 23
|
| 245 |
1 |
0 |
|a Handbook of unmanned aerial vehicles.
|n volume 3 /
|c edited by Kimon P. Valavanis and George J. Vachtsevanos
|
| 264 |
|
1 |
|a New York :
|b Springer,
|c 2015.
|
| 300 |
|
|
|a lxxix, 1215-1810 pages :
|b illustrations ;
|c 24 cm.
|
| 362 |
|
|
|a Vol. 3
|
| 504 |
|
|
|a Includes bibliographical references (pages 1806-1810).
|
| 526 |
|
|
|a CSE
|
| 541 |
|
|
|a Trim Education
|e 39339, 39340
|
| 650 |
|
|
|a Computer engineering.
|9 50784
|
| 650 |
|
|
|a Computer science.
|9 50785
|
| 700 |
|
|
|a Valavanis, Kimon P.
|9 50786
|
| 700 |
|
|
|a Vachtsevanos, George J.
|9 50787
|
| 852 |
|
|
|a Ayesha Abed Library
|c General Stacks
|
| 942 |
|
|
|2 ddc
|c BK
|
| 952 |
|
|
|0 0
|1 0
|2 ddc
|4 0
|6 621_381950000000000_HAN
|7 0
|9 71565
|a BRACUL
|b BRACUL
|c GEN
|d 2022-08-04
|e Trim Education
|g 13679.00
|l 1
|m 23
|o 621.38195 HAN
|p 3010039339
|r 2023-10-07
|s 2023-05-08
|t 1
|v 13679.00
|w 2022-08-04
|y BK
|
| 952 |
|
|
|0 0
|1 0
|2 ddc
|4 0
|6 621_381950000000000_HAN
|7 0
|9 71566
|a BRACUL
|b BRACUL
|c GEN
|d 2022-08-04
|e Trim Education
|g 13679.00
|l 0
|o 621.38195 HAN
|p 3010039340
|r 2022-08-04
|t 2
|v 13679.00
|w 2022-08-04
|y BK
|